| 000 | 01579nam a2200313 a 4500 | ||
|---|---|---|---|
| 001 | 000000806 | ||
| 003 | DO-SdBNP | ||
| 005 | 20250411121939.0 | ||
| 008 | 090522s2006 dr ac 001 0dspa d | ||
| 020 | _a999349979X | ||
| 020 | _a9789993499794 | ||
| 040 |
_aDO-SdBNP _bspa _cBNPHU |
||
| 082 |
_a271.53 _bE96j |
||
| 245 | 0 | 3 |
_aLa expulsión de los Jesuitas de Santo Domingo (1766-1767) / _cRecopilación y notas históricas José Luis Sáez. |
| 260 |
_aSanto Domingo : _bAcademia Dominicana de la Historia, _c2006, _fBúho |
||
| 300 |
_a344 p. : _bil., retrs. ; _c23 cm. |
||
| 490 | 1 |
_aAcademia Dominicana de la Historia ; _v72 |
|
| 500 | _aIncluye índice onomástico, topográfico y temático. | ||
| 504 | _aIncluye bibliografía y notas al pie de páginas. | ||
| 504 | _aBibliografía: p. 321-327. | ||
| 505 | 0 |
_tIntroducción -- _tProceso y etapas de la expulsión de los Jesuitas de España y sus colonias (1755-1767) -- _tLa expulsión de la compañía de Santo Domingo (1767-1768) -- _tLa expulsión en el resto de la América Hispánica (1767-1768) -- _tUn breve interludio y otro cambio de status -- _tAntología de documentos sobre la expulsión. Apéndices -- _tSiglas empleadas -- _tBibliografía -- _tÍndice onomástico, topográfico y temático. |
|
| 590 | _aInventariado, 2018/ YL | ||
| 650 | 4 |
_aJesuítas en república dominicana _92793 |
|
| 650 | 4 |
_aJesuítas _xHistoria _92794 |
|
| 700 | 1 |
_a Sáez , José Luis _d1937- _ecomp. _9620 |
|
| 830 | 0 |
_aAcademia Dominicana de la Historia _n72 _92797 |
|
| 910 | _aValidado. Control de calidad EMS | ||
| 942 |
_2ddc _cLBS1 |
||
| 999 |
_c802 _d802 |
||